Представление документа в формате RUSMARC

ПолеНазваниеЗначение
  Тип записи a
  Библиографический уровень m
001 Контрольный номер 799ee449352f4fccb24788521ecd342b
005 Дата корректировки 20140624154311.1
010 Индекс ISBN __
a ISBN 978-5-8018-0340-1
200 Заглавие и сведения об ответственности 1_
a Заглавие Анализ финансовой отчетности
e Сведения, относящиеся к заглавию учеб. для вузов
f Первые сведения об ответственности Л. В. Донцова, Н. А. Никифорова
205 Сведения об издании __
a Основные сведения об издании 7-е изд., перераб. и доп.
210 Выходные данные 1_
c Издательство Дело и Сервис
a Место издания М.
d Дата издания 2009
215 Физическое описание __
a Объем 376,[8] с.
300 Общие примечания __
a Общие примечания гриф МО
610 Ключевые слова 0_
a Ключевые слова финансовая отчетность
610 Ключевые слова 0_
a Ключевые слова бухгалтерская отчетность
610 Ключевые слова 0_
a Ключевые слова бухгалтерский баланс
610 Ключевые слова 0_
a Ключевые слова прогнозный баланс
610 Ключевые слова 0_
a Ключевые слова финансовый анализ
610 Ключевые слова 0_
a Ключевые слова консолидированная отчетность
610 Ключевые слова 0_
a Ключевые слова сегментарная отчетность
610 Ключевые слова 0_
a Ключевые слова учебник
610 Ключевые слова 0_
a Ключевые слова гриф МО
686 Индексы других классификаций __
a Классификационный индекс 65.052.9(2)206я73
2 Код системы rubbk
700 Автор _1
a Фамилия Донцова
b Имя Л. В.
g Полное личное имя Людмила Васильевна
701 Альтернативная интеллектуальная ответственность _1
a Фамилия Никифорова
b Имя Н. А.
g Полное личное имя Наталья Александровна
801 Источник записи _0
a Страна RU
b Организация РУК
c Дата составления 20110628
g Правила каталогизации PSBO
801 Источник записи _1
a Страна RU
b Организация РУК
c Дата составления 20110628
g Правила каталогизации PSBO
852 Данные о местонахождении __
i Авторский знак Д67
j Шифр хранения ББК 65.052
901 Тип документа __
t Тип документа m
912 Принадлежность преподавателя к РУК __
a Принадлежность преподавателя к РУК Преподаватель Головного вуза
938 Служебная информация __
a Название организации Головной вуз
b Имя БД BOOK
c Название АИБС АИБС ИРБИС
938 Служебная информация __
a Название организации Владимирский филиал
952 Тип литературы __
b Гриф литературы для ВШ гриф МО
c Вид литературы учебник